Technický slovník naučný : ilustrovaná encyklopedie věd technických. Díl 6., Jednatelství až Kostel /

Gespeichert in:
Bibliographische Detailangaben
Hauptverfasser: Teyssler, Vladimír (VerfasserIn), Kotyška, Václav (VerfasserIn)
Format: Buch
Sprache:Tschechisch
Veröffentlicht: Praha : Borský a Šulc, 1931
Ausgabe:[1. vyd.]
Online-Zugang: Volltext
Tags: Tag hinzufügen
Keine Tags, Fügen Sie den ersten Tag hinzu!

MARC

LEADER 00000cam a2200000 4500
003 SK-BrCVT
005 20220617214448.0
008 060615s1931 cs e ||||||cze d
035 |a CVTIDW1364756 
040 |b slo  |a CVTI SR  |e AACR2 
041 0 |a cze 
044 |a cs 
080 |a 801.321.1:62  |2 UDC-MRF 
100 1 |a Teyssler, Vladimír  |4 aut 
245 1 0 |a Technický slovník naučný :  |b ilustrovaná encyklopedie věd technických.  |n Díl 6.,  |p Jednatelství až Kostel /  |c Vladimír Teyssler, Václav Kotyška 
250 |a [1. vyd.] 
260 |a Praha :  |b Borský a Šulc,  |c 1931 
300 |a III, 1088 s. 
700 1 |a Kotyška, Václav  |4 aut 
910 |b A116209 
974 |f Knihy 
992 |a AEN 
999 |c 139454  |d 139454